Método práctico de técnicas de estudio: programa para la educación secundaria

保存先:
書誌詳細
第一著者: Jiménez Ortega, José (著者)
フォーマット: 図書
言語:スペイン語
出版事項: Madrid Visor 1994
シリーズ:Colección Textos, 3
主題:
タグ: タグ追加
タグなし, このレコードへの初めてのタグを付けませんか!

MARC

LEADER 00000nam a2200000 a 4500
001 UCQ9655
003 CL-VaPUC
008 990112e19940000SP |||||||||||||||||spa|d
082 0 4 |a 371.3  |b JIM  |2 21 
100 |a Jiménez Ortega, José  |e author  |9 424341 
245 1 0 |a Método práctico de técnicas de estudio: programa para la educación secundaria 
246 1 0 |a Guía para el profesor 
300 |a 291 p 
942 |c BK 
945 |d 19990112 00:00:00  |a aarredon 
260 |a Madrid  |b Visor  |c 1994 
650 0 |a Métodos de estudio  |9 260518 
650 0 |a Métodos de aprendizaje  |9 334464 
650 0 |a Técnicas de estudio  |9 424342 
650 0 |a Lectura  |9 307634 
650 0 |a Memoria  |9 266549 
650 7 |a GUIAS PEDAGOGICAS  |2 CL-VaPUC  |9 424343 
650 0 |a Planificación del currículo  |9 269599 
583 |a last modification  |c 20170727 04:09:14  |k Rodrigo Vera 
490 0 |a Colección Textos, 3 
999 |c 278643  |d 278641 
952 |0 0  |1 0  |4 0  |6 371_300000000000000_JIM_1994  |7 0  |8 A  |9 317327  |a BIBEDU  |b BIBEDU  |d 2019-11-20  |i 349473K  |o 371.3 JIM 1994  |p 349473K  |r 2019-11-20  |w 2019-11-20  |y BK  |k BME